000 00866cam a2200277 4500
999 _c48642
_d48642
001 1710859
005 20191029133016.0
008 700327s1969 enk b 001 0 eng
010 _a 70453739
015 _aB69-17095
020 _a0334016851
040 _aDLC
_cDLC
_dDLC
100 1 _aAnderson, David,
_d1919-
245 1 4 _aThe tragic protest :
_ba Christian study of some modern literature /
_cDavid Anderson.
260 _aLondon :
_bS.C.M. Press,
_c1969.
300 _a208 p. ;
_c23 cm.
336 _atext
337 _aunmediated
338 _avolume
504 _aBibliography: p. [200]-201.
650 0 _aFiction
_y20th century
_xHistory and criticism.
650 0 _aChristian fiction
_xHistory and criticism.
650 0 _aFiction
_xReligious aspects
_xChristianity.
906 _a7
_bcbc
_corignew
_du
_encip
_f19
_gy-gencatlg
942 _2lcc
_cBK